Score 0/11 Timer 01:00
2 Plays Today
% Correct
Bugs Bunny
98.6%
Daffy Duck
96.3%
Porky Pig
94.2%
Wile E. Coyote
93.4%
Elmer Fudd
93.2%
Tweety
92.6%
Speedy Gonzales
90.1%
Pepé Le Pew
90%
Yosemite Sam
88.9%
Foghorn Leghorn
88.3%
Marvin the Martian
82.2%

Today's Daily Dose

You're not logged in!

Compare scores with friends on all Sporcle quizzes.
OR
Log In

Sporcle TV

Today on Sporcle TV


Watch our educational content, quiz creation guides, and fun videos on Sporcle TV.

Show Comments

Extras

Top Quizzes Today


Score Distribution

Paid Content

Your Account Isn't Verified!

In order to create a playlist on Sporcle, you need to verify the email address you used during registration. Go to your Sporcle Settings to finish the process.

Report this User

Report this user for behavior that violates our Community Guidelines.

Details: